Co to za Polskie miasto? - Statystyki

Ogólne statystyki
  • Ten quiz został rozwiązany 329 razy
  • Średni wynik to 7 z 16
Statystyki odpowiedzi
Obrazkowy Odpowiedź % Poprawnych
Warszawa
100%
Gdańsk
80%
Malbork
73%
Katowice
65%
Kraków
65%
Zakopane
50%
Zamość
45%
Wrocław
41%
Częstochowa
36%
Toruń
33%
Białystok
26%
Szczecin
22%
Gniezno
17%
Opole
5%
Gliwice
4%
Kielce
4%
Nie znaleziono quizów pasujących do podanych kryteriów
Rozkład punktacji
Procent ludzi z każdym wynikiem
Percentyl według liczby udzielonych odpowiedzi
Twoja historia wyników
Nie rozwiązałeś tego quizu